Harry Potter Characters Quiz - Statistics

General Stats
  • This quiz has been taken 42 times
  • The average score is 48 of 164
Answer Stats
Answer % Correct
Harry Potter
94%
Ron Weasley
89%
Fred Weasley
77%
Draco Malfoy
74%
George Weasley
74%
Molly Weasley
74%
Ginny Weasley
71%
Neville Longbottom
71%
Sirius Black
71%
Arthur Weasley
69%
Lucius Malfoy
69%
Albus Dumbledore
66%
Bill Weasley
66%
Bellatrix Lestrange
63%
Hermione Granger
63%
Percy Weasley
63%
Remus Lupin
63%
Severus Snape
63%
Charlie Weasley
60%
Lord Voldemort
57%
Luna Lovegood
57%
Cedric Diggory
54%
James Potter
54%
Lily Potter
54%
Cho Chang
51%
Dean Thomas
51%
Nymphadora Tonks
51%
Seamus Finnigan
51%
Dolores Umbridge
46%
Hannah Abbott
46%
Katie Bell
46%
Vincent Crabbe
46%
Aberforth Dumbledore
43%
Ariana Dumbledore
43%
Dudley Dursley
43%
Pansy Parkinson
43%
Petunia Dursley
43%
Rubeus Hagrid
43%
Vernon Dursley
43%
Alice Longbottom
40%
Angelina Johnson
40%
Filius Flitwick
40%
Frank Longbottom
40%
Gregory Goyle
40%
Horace Slughorn
40%
Minerva McGonagall
40%
Padma Patil
40%
Parvati Patil
40%
Peter Pettigrew
40%
Susan Bones
40%
Xenophilius Lovegood
40%
Alicia Spinnet
37%
Amos Diggory
37%
Barty Crouch Jr
37%
Barty Crouch Sr
37%
Fleur Delacour
37%
Kendra Dumbledore
37%
Lavender Brown
37%
Colin Creevey
34%
Dennis Creevey
34%
Gilderoy Lockhart
34%
Godric Gryffindor
34%
Oliver Wood
34%
Bathilda Bagshot
31%
Cornelius Fudge
31%
Lee Jordan
31%
Marge Dursley
31%
Percival Dumbledore
31%
Pomona Sprout
31%
Salazar Slytherin
31%
Sybill Trelawney
31%
Amelia Bones
29%
Frank Bryce
29%
Helga Hufflepuff
29%
Rowena Ravenclaw
29%
Antonin Dolohov
26%
Argus Filch
26%
Gabrielle Delacour
26%
Kingsley Shacklebolt
26%
Marietta Edgecombe
26%
Olympe Maxime
26%
Rita Skeeter
26%
Rufus Scrimgeour
26%
Ted Tonks
26%
Alecto Carrow
23%
Amycus Carrow
23%
Andromeda Tonks
23%
Augusta Longbottom
23%
Garrick Ollivander
23%
Ludo Bagman
23%
Merope Gaunt
23%
Penelope Clearwater
23%
Poppy Pomfrey
23%
Quirinus Quirrell
23%
Zacharias Smith
23%
Cormac McLaggen
20%
Cuthbert Binns
20%
Ernie Macmillan
20%
Fenrir Greyback
20%
Justin Finch-Fletchley
20%
Marvolo Gaunt
20%
Millicent Bulstrode
20%
Morfin Gaunt
20%
Rolanda Hooch
20%
Romilda Vane
20%
Terry Boot
20%
Arabella Figg
17%
Helena Ravenclaw/The Grey Lady
17%
Mundungus Fletcher
17%
Reginald Cattermole
17%
Charity Burbage
14%
Elphias Doge
14%
Hugo Weasley
14%
Mafalda Hopkirk
14%
Phineas Nigellus Black
14%
Pius Thicknesse
14%
Theodore Nott
14%
Wilhelmina Grubbly-Plank
14%
Astoria Greengrass
11%
Augustus Rookwood
11%
Aurora Sinistra
11%
Bob Ogden
11%
Irma Pince
11%
Rose Weasley
11%
Scorpius Malfoy
11%
Albert Runcorn
9%
Anthony Goldstein
9%
Antioch Peverell
9%
Bertha Jorkins
9%
Cadmus Peverell
9%
Crabbe
9%
Dedalus Diggle
9%
Dirk Cresswell
9%
Gellert Grindelwald
9%
Ignotus Peverell
9%
James Sirius Potter
9%
Nicolas Flamel
9%
Septima Vector
9%
Stan Shunpike
9%
Thorfinn Rowle
9%
Walden Macnair
9%
Albus Severus Potter
6%
Demelza Robins
6%
Eloise Midgen
6%
Emmeline Vance
6%
Goyle
6%
Griselda Marchbanks
6%
John Dawlish
6%
Lily Luna Potter
6%
Madam Malkin
6%
Moaning Myrtle
6%
Myrtle Warren/Moaning Myrtle
6%
Sturgis Podmore
6%
Delphi Riddle
3%
Graham Montague
3%
Gregorovitch
3%
Mary Riddle
3%
Newt Scamander
3%
Wilkie Twycross
3%
Alastor (Mad-Eye) Moody
0%
Nott Sr
0%
Thomas Marvolo Riddle
0%
Thomas Riddle Jr.
0%
Thomas Riddle Sr.
0%
No matching quizzes found
Score Distribution
Percent of People with Each Score
Percentile by Number Answered
Your Score History
You have not taken this quiz